000 00743nam a2200289Ia 4500
001 33554
005 20240114001652.0
007 ta
008 061226s1959 g b000 u 465 u
040 _aCotton College,Assam
041 _a465
082 _a420
_bAl 53 Li
082 _a428.2
_bAl 53 Li
100 _aAllen, W. Standard.
245 0 _aLiving English Structure /
_cW. Standard Allen.
_hTextual Documents
250 _a4th ed. /
260 _aDelhi :
_bOrient Lomgman ,
_c1959.
300 _a349p. ;
_c22cm.
653 _aLanguages-English Structure
653 _aG-Languages
653 _aT/G-Language
942 _2ddc
_cBK
999 _c33536
_d33536